| 000 | 00463nam a22001697a 4500 | ||
|---|---|---|---|
| 005 | 20251108175529.0 | ||
| 008 | 250721s2002 xx 000 0 eng d | ||
| 082 | 1 | 4 | _aJ/F/JON |
| 100 | 1 | _ajonell, lynne | |
| 245 | 1 | 0 | _awhen mommy was mad / |
| 264 | 1 |
_anew york : _bG.P putnam's sons, _c2002. |
|
| 650 | 1 | 7 | _aFiction |
| 653 | _aأطفال مرحلة متوسطة (6-9) سنوات | ||
| 700 | 1 |
_amathers, petra _eIllus. |
|
| 942 |
_2ddc _cBK |
||
| 999 |
_c136284 _d136284 |
||